Застосування технічних засобів у кримінальному провадженні (Запис № 458837)

МАРК-запис
000 -Лідер
fixed length control field 05563nam a22002657a 4500
001 - Контрольний номер
control field 5150530
003 - Ідентифікатор контрольного номера
control field UA-OsUOA
005 - Дата та час останнього входження (трансакції)
control field 20201109134952.0
008 - Елементи даних фіксованої довжини – загальна інформація
fixed length control field 200413b un ||||| m||| 00| 0 ukr d
040 ## - Джерело каталогізації
Агенція оригінальної каталогізації UA-OsUOA
Мова каталогізації ukr
Агенція, яка здійснювала перезапис UA-OsUOA
Агенція, яка здійснювала модифікацію UA-OsUOA
041 ## - Код мови
Код мови тексту/ звукової доріжки чи окремого заголовка (П) ukr
080 ## - Індекс Універсальної десяткової класифікації
Індекс Універсальної десяткової класифікації (УДК) (НП) 343.14
090 ## - Локальний шифр розміщення
Класифікаційний індекс УДК 343.14
095 ## - Код спеціальності для авторефератів
Код спеціальності 12.00.09
Назва спеціальності кримінальний процес та криміналістика; судова експертиза; оперативно-розшукова діяльність
100 ## - Основне введення – ім’я особи
Ім’я особи (НП) Рибалко Ж. Л.
245 ## - Відомості про назву
Назва (НП) Застосування технічних засобів у кримінальному провадженні
Дані про відповідальність (НП) Рибалко Жанна Леонідівна ; наук. керівник Рожнова Вікторія Василівна
260 ## - Публікація, розповсюдження і т.п. (Вихідні дані)
Місце публікації, розповсюдження і т.п. (П) Київ
Дата публікації, розповсюдження і т.п. (П) 2014
300 ## - Фізичний опис
Обсяг 18 с.
502 ## - Примітка про дисертацію
Зв'язок Автореферат дисертації на здобуття наукового ступеня кандидата юридичних наук<br/>
Наймення інституції, що представляється Національна академія внутрішніх справ
Рік отримання вченого ступеня 2014
520 ## - Резюме і т.п.
Резюме, реферат, анотація, тощо (НП) У дисертації наведено теоретичне обґрунтування та запропоновані заходи щодо вдосконалення правових, організаційних і процесуальних основ застосування технічних засобів у кримінальному провадженні. <br/>Встановлено, що проблематика правового регулювання застосування технічних засобів у сфері боротьби зі злочинністю тривалий час залишалася поза увагою науки кримінального процесуального права. Відповідні дослідження здебільшого проводили в аспекті криміналістичної науки. <br/>Відтак, аналіз окресленого кола питань у розрізі науки кримінального процесуального права зробив можливою розробку пропозицій щодо удосконалення нормативно-правової бази, яка регулює відносини, пов’язані із застосуванням технічних засобів у кримінальному провадженні, і, як наслідок, підвищення ефективності використання таких засобів в практичній діяльності правоохоронних органів. <br/>У ході дослідження було виявлено ряд проблемних моментів, які значною мірою знижують ефективність правового регулювання застосування технічних засобів у кримінальному провадженні. Розроблені відповідні пропозиції щодо удосконалення чинного кримінального процесуального законодавства. Надане визначення та загальна характеристика технічних засобів, що застосовуються у кримінальному провадженні, розглянути основні форми їх використання, що закріплені чинним законодавством, та уточнена класифікація технічних засобів у кримінальному провадженні. Визначений вплив найновіших змін, що були внесені до чинного законодавства у зв’язку із введенням у дію Кримінального процесуального кодексу, на можливості застосування технічних засобів під час здійснення кримінально-процесуального доказування. Розроблені пропозиції щодо удосконалення наукового бачення існуючої системи процесуальних гарантій захисту прав і законних інтересів осіб, які беруть участь у кримінальному провадженні, з урахуванням особливостей правових механізмів забезпечення охорони прав і свобод особи у сфер застосування технічних засобів у кримінальному проваджені. Визначені шляхи удосконалення чинного кримінального процесуального законодавства у напрямі підвищення ефективності використання технічних засобів у кримінальному провадженні та запропоновані проекти відповідних змін до нормативних документів.
650 ## - Додаткове предметне введення – тематичний термін
Джерело заголовка чи терміна UDC
Тематичний термін чи географічна назва, як елемент введення (НП) 343 Кримінальне право. Карні порушення
942 ## - Додаткові елементи входу (Коха)
Source of classification or shelving scheme Universal Decimal Classification
Тип елемента Koha Автореферат
955 ## - Код типу видання за змістом
Код типу видання за змістом (НП) Наукові видання

Немає доступних примірників.